00791 2200253 4500001002100000005001500021035002000036007000300056008004100059020002200100082001000122084002000132084002000152084002000172100002600192245010800218250001400326260003900340300003700379500008200416990001300498990001300511990001300524INLIS00000000000950620251219011534 a0010-0723000036ta251219 g 0 ind  a978-602-18895-0-3 a363.7 a363.7 RAC s C.1 a363.7 RAC s C.2 a363.7 RAC s C.30 aRachmad K. Dwi Susilo1 aSosiologi Lingkungan & Sumber Daya Alam :bperspektif teori & isu-isu mutakhir /cRachmad K. Dwi Susilo acet. 2020 aYogyakarta :bAr-Ruzz Media,c2020 a264 hlm. :bill. ;c14,8 x 21 cm aSekarang ini lingkungan kita masuk pada kondisi krisis dan rusak dimana-mana. a023.2925 a023.2926 a023.2927